[Event "IV Festival A"]
[Site "Lido degli Estensi - Comacchio ITA"]
[Date "2003.06.14"]
[Round "8"]
[White "Turci, Alberto"]
[Black "Ronchetti, Niccolo'"]
[Result "0-1"]
[WhiteElo "1703"]
[BlackElo "2224"]
[PlyCount "116"]
[EventDate "2003.06.06"]

1. f4 c5 2. Nf3 Nf6 3. e3 g6 4. d4 Bg7 5. c3 b6 6. Bd3 Bb7 7. Nbd2 O-O 8. O-O
Nc6 9. Qe1 d6 10. dxc5 dxc5 11. Bc2 Nd5 12. Nb3 e5 13. fxe5 Nxe5 14. Nxe5 Bxe5
15. e4 Nc7 16. Bh6 Re8 17. Qf2 Qe7 18. Nd2 Ba6 19. Rfe1 Ne6 20. Bb3 Rad8 21.
Re3 Bg7 22. Bxg7 Kxg7 23. Bd5 Nc7 24. Rae1 b5 25. Nf1 Rf8 26. b3 c4 27. bxc4
bxc4 28. Nd2 Qc5 29. Rf1 f6 30. Nf3 Nxd5 31. exd5 Rxd5 32. Nd4 Bc8 33. Rfe1 Rf7
34. Qe2 Rg5 35. Kh1 Bd7 36. Qb2 Re5 37. h3 Rfe7 38. Rxe5 fxe5 39. Nf3 Bf5 40.
Kh2 Bd3 41. Qb8 e4 42. Nd4 Qe5+ 43. Qxe5+ Rxe5 44. Nc6 Rc5 45. Nd4 Kf6 46. Kg3
a6 47. Kf4 Ra5 48. g4 g5+ 49. Ke3 Rxa2 50. Rh1 Ra3 51. h4 gxh4 52. Rxh4 Kg6 53.
Nc6 Rxc3 54. Kf4 Rc1 55. Ne7+ Kf6 56. Nd5+ Kg7 57. g5 c3 58. Ne7 Rf1+ 0-1

[Event "IV Festival A"]
[Site "Lido degli Estensi - Comacchio ITA"]
[Date "2003.06.15"]
[Round "9"]
[White "Aldrovandi, Antonio"]
[Black "Bukal, Vladimir jr"]
[Result "0-1"]
[WhiteElo "2220"]
[BlackElo "2396"]
[PlyCount "76"]
[EventDate "2003.06.06"]

1. e4 e6 2. d4 d5 3. exd5 exd5 4. Nf3 Bg4 5. Be2 Bd6 6. h3 Bh5 7. Ne5 Bxe2 8.
Qxe2 Ne7 9. O-O O-O 10. Bf4 Re8 11. Qf3 Bxe5 12. Bxe5 Ng6 13. Bg3 c6 14. Nd2
Nd7 15. Nb3 Nf6 16. Nc5 Ne4 17. Rfd1 Qb6 18. b4 Re7 19. c3 Qb5 20. a4 Qc4 21.
Nxe4 Rxe4 22. Kh2 Rae8 23. b5 R8e6 24. bxc6 Rxc6 25. Rdb1 Rb6 26. a5 Rxb1 27.
Rxb1 Qc6 28. Rb4 b5 29. axb6 axb6 30. Qd3 h5 31. h4 Qe6 32. f3 Re3 33. Qa6 Rxc3
34. Rxb6 Qf5 35. Qa8+ Kh7 36. Rb5 Nf4 37. Qb8 Nxg2 38. Kxg2 Qxf3+ 0-1

[Event "IV Festival A"]
[Site "Lido degli Estensi - Comacchio ITA"]
[Date "2003.06.15"]
[Round "9"]
[White "Barletta, Antonio"]
[Black "Di Majo, Carlo"]
[Result "1/2-1/2"]
[WhiteElo "2070"]
[BlackElo "1830"]
[PlyCount "106"]
[EventDate "2003.06.06"]

1. e4 c6 2. d4 d5 3. e5 g6 4. Bd3 Nh6 5. Ne2 Bg7 6. O-O O-O 7. c4 b6 8. Nbc3 a6
9. cxd5 cxd5 10. Qb3 e6 11. Bd2 Nd7 12. Qc2 Bb7 13. Qc1 Nf5 14. Bxf5 gxf5 15.
Bh6 Rc8 16. Qe3 Bxh6 17. Qxh6 Kh8 18. Rac1 Rg8 19. Nf4 Qg5 20. Qxg5 Rxg5 21.
Nce2 Rgg8 22. g3 a5 23. Rxc8 Rxc8 24. Rc1 Rxc1+ 25. Nxc1 Ba6 26. Kg2 Nb8 27.
Kf3 Nc6 28. Ke3 Nb4 29. Kd2 Nc6 30. Nfe2 Kg7 31. a3 f6 32. f4 Kg6 33. Kc3 Kf7
34. b4 axb4+ 35. axb4 Bc4 36. Ng1 h6 37. Nf3 Ke7 38. exf6+ Kxf6 39. Nb3 Na7 40.
Ne5 Nb5+ 41. Kb2 Bxb3 42. Kxb3 Nxd4+ 43. Kc3 Nb5+ 44. Kd3 Ke7 45. Ng6+ Ke8 46.
h3 Nd6 47. g4 fxg4 48. hxg4 Kf7 49. Ne5+ Ke8 50. Kc3 Nb5+ 51. Kd3 Nd6 52. Kd4
Nb5+ 53. Kd3 Nd6 1/2-1/2

[Event "IV Festival A"]
[Site "Lido degli Estensi - Comacchio ITA"]
[Date "2003.06.15"]
[Round "9"]
[White "Blagojevic, Dragisa"]
[Black "Bukal, Vladimir sr"]
[Result "1-0"]
[WhiteElo "2548"]
[BlackElo "2414"]
[PlyCount "72"]
[EventDate "2003.06.06"]

1. d4 d5 2. c4 c6 3. e3 Nf6 4. Nc3 a6 5. Qc2 Bg4 6. h3 Bh5 7. Qb3 Ra7 8. Nge2
e6 9. Nf4 Bg6 10. Nxg6 hxg6 11. g3 Bd6 12. Bg2 b5 13. c5 Bc7 14. a4 bxa4 15.
Qxa4 Rb7 16. b4 Kf8 17. Bb2 g5 18. O-O-O Qe8 19. Rhe1 a5 20. bxa5 Ra7 21. Kc2
Bxa5 22. Ra1 Qd7 23. Re2 Qb7 24. Qb3 Qc7 25. Ra4 Nbd7 26. Qa3 Ke7 27. Re1 Rb8
28. Ra1 Rab7 29. Rxa5 Rxb2+ 30. Qxb2 Rxb2+ 31. Kxb2 Qb8+ 32. Kc2 Qh8 33. Kd2
Qh7 34. g4 e5 35. Ra7 Ke6 36. R1a6 Nb8 1-0

[Event "IV Festival A"]
[Site "Lido degli Estensi - Comacchio ITA"]
[Date "2003.06.15"]
[Round "9"]
[White "Cavatorta, Fosco"]
[Black "Muscolino, Attilio"]
[Result "1-0"]
[WhiteElo "1887"]
[BlackElo "2155"]
[PlyCount "71"]
[EventDate "2003.06.06"]

1. Nf3 Nf6 2. g3 g6 3. Bg2 Bg7 4. d3 O-O 5. e4 c5 6. O-O Nc6 7. c3 d6 8. Nbd2
Nh5 9. a4 Rb8 10. Re1 Bd7 11. Nc4 Qc7 12. Ne3 Qc8 13. d4 cxd4 14. Nxd4 Nf6 15.
Nd5 Re8 16. Nb5 Bh3 17. Bg5 Bxg2 18. Bxf6 Qh3 19. Nf4 Qc8 20. Bxg7 Bxe4 21.
Rxe4 Kxg7 22. Nd5 a6 23. Nd4 Ne5 24. f4 e6 25. Nb6 Qd8 26. a5 Nd7 27. Nxd7 Qxd7
28. Nf3 Qc6 29. Qd4+ Kg8 30. Nd2 b5 31. Re2 e5 32. fxe5 dxe5 33. Qe3 Rb7 34.
Ne4 Rc7 35. Qb6 Qc4 36. Nf6+ 1-0

[Event "IV Festival A"]
[Site "Lido degli Estensi - Comacchio ITA"]
[Date "2003.06.15"]
[Round "9"]
[White "Cioara, Andrei Nestor"]
[Black "Astengo, Corrado"]
[Result "1-0"]
[WhiteElo "2386"]
[BlackElo "2165"]
[PlyCount "51"]
[EventDate "2003.06.06"]

1. e4 e6 2. d4 d5 3. Nd2 Nf6 4. e5 Nfd7 5. f4 c5 6. c3 Nc6 7. Ndf3 cxd4 8. cxd4
Bb4+ 9. Kf2 Qb6 10. h4 f6 11. Kg3 Nf8 12. Bd3 Bd7 13. Ne2 Be7 14. a3 Na5 15.
Nc3 Rc8 16. Re1 Nc4 17. exf6 gxf6 18. Qe2 Qd6 19. Kh2 Kf7 20. Ne5+ Nxe5 21.
fxe5 Qb8 22. Bf4 Ng6 23. Nxd5 fxe5 24. Bxg6+ hxg6 25. Bxe5 Bxh4 26. Kg1 1-0

[Event "IV Festival A"]
[Site "Lido degli Estensi - Comacchio ITA"]
[Date "2003.06.15"]
[Round "9"]
[White "De Vita, Igor"]
[Black "Ori, Marco"]
[Result "1-0"]
[WhiteElo "2158"]
[BlackElo "2077"]
[PlyCount "77"]
[EventDate "2003.06.06"]

1. e4 c6 2. d4 d5 3. e5 Bf5 4. Nf3 e6 5. Be2 Nd7 6. O-O Ne7 7. Be3 c5 8. dxc5
Nc6 9. Bb5 Bxc5 10. Bxc5 Nxc5 11. Nd4 Rc8 12. b4 Ne4 13. f3 Ng5 14. h4 Nh3+ 15.
gxh3 Bxh3 16. Rf2 Qxh4 17. Rh2 O-O 18. Bxc6 bxc6 19. Nc3 c5 20. bxc5 Rxc5 21.
Nce2 Qg5+ 22. Kh1 Bf5 23. Qc1 Qe7 24. Nxf5 exf5 25. Qf4 f6 26. e6 Qxe6 27. Nd4
Qe5 28. Qxe5 fxe5 29. Ne6 Rc3 30. Nxf8 Kxf8 31. Re1 e4 32. fxe4 dxe4 33. Rf2 g6
34. Rxe4 Ra3 35. c4 Ra4 36. Rd4 Ke7 37. Rh2 Kf6 38. Rxh7 Rxa2 39. Rd6+ 1-0

[Event "IV Festival A"]
[Site "Lido degli Estensi - Comacchio ITA"]
[Date "2003.06.15"]
[Round "9"]
[White "Drasko, Milan"]
[Black "Rotstein, Arkadij"]
[Result "1-0"]
[WhiteElo "2491"]
[BlackElo "2514"]
[PlyCount "65"]
[EventDate "2003.06.06"]

1. d4 Nf6 2. c4 c5 3. d5 b5 4. cxb5 a6 5. bxa6 g6 6. Nc3 Bxa6 7. g3 d6 8. Bg2
Bg7 9. Nf3 Nbd7 10. Rb1 Nb6 11. b3 Bb7 12. Nh4 O-O 13. O-O Ne8 14. Bb2 Bxc3 15.
Bxc3 Rxa2 16. b4 Na4 17. Ba1 c4 18. Qd4 c3 19. e4 Ra3 20. Rfc1 Qc7 21. Nf3 Nf6
22. Ne1 Rc8 23. Nc2 Ra2 24. Bh3 Ra8 25. Ne3 Qb6 26. Qxb6 Nxb6 27. f3 Re2 28.
Rxc3 Raa2 29. Bf1 Rf2 30. Rc7 Ba8 31. Rxe7 Rxf3 32. Nc4 Nbd7 33. Nxd6 1-0

[Event "IV Festival A"]
[Site "Lido degli Estensi - Comacchio ITA"]
[Date "2003.06.15"]
[Round "9"]
[White "Dubois, Martine"]
[Black "Bonafede, Alessandro"]
[Result "1/2-1/2"]
[WhiteElo "2029"]
[BlackElo "2123"]
[PlyCount "83"]
[EventDate "2003.06.06"]

1. e4 c5 2. c3 d6 3. d4 Nf6 4. Bd3 g6 5. Nf3 Bg7 6. Qe2 Qc7 7. O-O O-O 8. h3 e5
9. Na3 a6 10. dxe5 dxe5 11. Nc4 b5 12. Ncxe5 Re8 13. Ng4 Nxg4 14. hxg4 Bxg4 15.
Qe3 Bxf3 16. Qxf3 Nd7 17. Qh3 c4 18. Bc2 Nc5 19. f3 Rad8 20. Bg5 f6 21. Be3 Nd3
22. Bxd3 Rxd3 23. Bd4 Rxe4 24. Rfe1 Re7 25. Re6 f5 26. Bb6 Qd7 27. Rxe7 Qxe7
28. Qg3 Qd6 29. Qxd6 Rxd6 30. Be3 Kf7 31. Re1 Bf6 32. Kf2 Rd3 33. Rh1 Kg7 34.
g4 fxg4 35. fxg4 Rd5 36. Bh6+ Kg8 37. Bf4 Bg5 38. Bxg5 Rxg5 39. Kf3 Rd5 40. Rh2
Kg7 41. Ke4 Rg5 42. Kf4 1/2-1/2

[Event "IV Festival A"]
[Site "Lido degli Estensi - Comacchio ITA"]
[Date "2003.06.15"]
[Round "9"]
[White "Frilli, Guido"]
[Black "Manca, Federico"]
[Result "1/2-1/2"]
[WhiteElo "1963"]
[BlackElo "2350"]
[PlyCount "46"]
[EventDate "2003.06.06"]

1. e4 c6 2. Nc3 d5 3. Qf3 d4 4. Bc4 e6 5. Nce2 Nf6 6. Ng3 Nbd7 7. Qe2 Ne5 8. d3
h5 9. Bb3 h4 10. Nf1 a5 11. a3 a4 12. Ba2 Ra5 13. f4 Ng6 14. Nf3 Nh5 15. f5
Nhf4 16. Bxf4 Nxf4 17. Qd2 g5 18. fxe6 Bxe6 19. Nxh4 Qb6 20. Bxe6 fxe6 21. Nf3
Qxb2 22. Qxa5 Qxa1+ 23. Kf2 Qb2 1/2-1/2

[Event "IV Festival A"]
[Site "Lido degli Estensi - Comacchio ITA"]
[Date "2003.06.15"]
[Round "9"]
[White "Golod, Vitali"]
[Black "Mantovani, Renzo"]
[Result "0-1"]
[WhiteElo "2538"]
[BlackElo "2353"]
[PlyCount "82"]
[EventDate "2003.06.06"]

1. d4 Nf6 2. c4 e6 3. Nc3 Bb4 4. Qc2 O-O 5. a3 Bxc3+ 6. Qxc3 b6 7. Bg5 d6 8.
Qf3 c6 9. e4 Nbd7 10. Ne2 Re8 11. Nc3 h6 12. Bh4 Bb7 13. Rd1 e5 14. d5 cxd5 15.
cxd5 a6 16. Bd3 b5 17. Qe2 Nf8 18. f3 Ng6 19. Bf2 Nf4 20. Qf1 Bc8 21. h4 Bd7
22. Bb1 a5 23. g3 b4 24. gxf4 bxc3 25. fxe5 dxe5 26. bxc3 Ba4 27. Rc1 Qd6 28.
Qd3 Qxa3 29. O-O Nh5 30. c4 Qe7 31. Qd2 Ra6 32. Kh2 Rf6 33. Rc3 Rf4 34. Qe1 Rb8
35. c5 Rb2 36. Kg1 Qf6 37. Bc2 Bxc2 38. Qc1 Rxf3 39. Qxb2 Bxe4 40. Re1 Qg6+ 41.
Kh2 Rh3+ 0-1

[Event "IV Festival A"]
[Site "Lido degli Estensi - Comacchio ITA"]
[Date "2003.06.15"]
[Round "9"]
[White "Grigore, Nicolae Petre"]
[Black "Popa, Claudiu"]
[Result "1/2-1/2"]
[WhiteElo "2370"]
[BlackElo "2122"]
[PlyCount "88"]
[EventDate "2003.06.06"]

1. e4 d5 2. exd5 Qxd5 3. Nc3 Qa5 4. d4 Nf6 5. Nf3 Bf5 6. Bd3 e6 7. Ne5 Bxd3 8.
Qxd3 c6 9. O-O Nbd7 10. Qg3 Nxe5 11. dxe5 Nd7 12. Re1 O-O-O 13. a3 h5 14. Bg5
f6 15. exf6 gxf6 16. Bh4 Qf5 17. Ne4 Be7 18. Qg7 Qh7 19. Qg3 Qf5 20. Qg7 Qh7
21. Qxh7 Rxh7 22. f3 e5 23. Rad1 Kc7 24. Re2 Rf7 25. Kf1 Nf8 26. Rxd8 Bxd8 27.
Bf2 b6 28. Ng3 Rh7 29. Nf5 Ne6 30. Rd2 Ng7 31. Ne3 Be7 32. Ke2 Rh8 33. Bh4 Rd8
34. Rxd8 Bxd8 35. Nf1 Kd7 36. Ng3 Ke6 37. a4 Nf5 38. Nxf5 Kxf5 39. Bf2 e4 40.
a5 bxa5 41. Bxa7 Bc7 42. b3 Bxh2 43. Bb6 Be5 44. Bxa5 Kf4 1/2-1/2

[Event "IV Festival A"]
[Site "Lido degli Estensi - Comacchio ITA"]
[Date "2003.06.15"]
[Round "9"]
[White "Lazic, Miroljub"]
[Black "Felgaer Ziegler, Ruben"]
[Result "0-1"]
[WhiteElo "2508"]
[BlackElo "2547"]
[PlyCount "77"]
[EventDate "2003.06.06"]

1. Nf3 c5 2. b3 d6 3. Bb2 e5 4. e3 Nc6 5. d4 cxd4 6. exd4 e4 7. Nfd2 d5 8. c4
Nf6 9. cxd5 Qxd5 10. Bc4 Qg5 11. Kf1 Bb4 12. a3 Ba5 13. d5 Ne5 14. Bb5+ Bd7 15.
Bxd7+ Nexd7 16. Nc4 Bc7 17. Nc3 O-O 18. h4 Qf5 19. Ne3 Qg6 20. h5 Qg5 21. h6
Be5 22. Nc4 g6 23. Nxe5 Qxe5 24. Qd2 Rfd8 25. Rd1 Qf5 26. Qd4 Ne5 27. Rh4 g5
28. Rxe4 Nxe4 29. Nxe4 f6 30. Nxf6+ Qxf6 31. Qxe5 Qxe5 32. Bxe5 Rac8 33. d6 Kf7
34. Rd3 Rc5 35. Bg3 Rd7 36. Re3 Rc8 37. Re5 Rxd6 38. Rxg5 Rxh6 39. Rd5 0-1

[Event "IV Festival A"]
[Site "Lido degli Estensi - Comacchio ITA"]
[Date "2003.06.15"]
[Round "9"]
[White "Ortega, Lexy"]
[Black "Shytaj, Luca"]
[Result "1-0"]
[WhiteElo "2448"]
[BlackElo "2327"]
[PlyCount "79"]
[EventDate "2003.06.06"]

1. d4 Nf6 2. Nf3 e6 3. c4 c5 4. e3 b6 5. Nc3 cxd4 6. exd4 d6 7. Bd3 Bb7 8. O-O
Be7 9. d5 e5 10. Ng5 O-O 11. f4 h6 12. fxe5 dxe5 13. Nge4 Nxe4 14. Bxe4 Bg5 15.
Bxg5 Qxg5 16. Rf5 Qe3+ 17. Kh1 Nd7 18. Qg4 Bc8 19. Rf3 Qd2 20. Rg3 Qg5 21. Qxg5
hxg5 22. d6 Rb8 23. Nd5 g6 24. Rxg5 Kg7 25. Nc7 f5 26. Bc6 Nf6 27. d7 Kh6 28.
Rg3 Bxd7 29. Bxd7 Rf7 30. Rh3+ Nh5 31. Na6 Rd8 32. Be6 Rf6 33. Nc7 Rd2 34. b4
e4 35. g4 fxg4 36. Bxg4 Rff2 37. Nd5 b5 38. Bxh5 gxh5 39. Rg1 Rf3 40. Rh4 1-0

[Event "IV Festival A"]
[Site "Lido degli Estensi - Comacchio ITA"]
[Date "2003.06.15"]
[Round "9"]
[White "Roeder, Matthias"]
[Black "Tomescu, Vlad"]
[Result "0-1"]
[WhiteElo "2447"]
[BlackElo "2412"]
[PlyCount "112"]
[EventDate "2003.06.06"]

1. Nf3 Nf6 2. c4 g6 3. Nc3 d5 4. d4 Bg7 5. Bf4 O-O 6. e3 c5 7. dxc5 Ne4 8. Rc1
Nxc3 9. bxc3 Qa5 10. cxd5 Bxc3+ 11. Nd2 Nd7 12. Qc2 Bb4 13. Be2 Qxc5 14. Qb2
Ba3 15. Rxc5 Bxb2 16. Rc2 Bg7 17. O-O Nb6 18. e4 f5 19. Bg5 Rf7 20. Be3 fxe4
21. Bxb6 axb6 22. Nxe4 Bf5 23. Bf3 h6 24. Rd1 g5 25. h3 Ra4 26. Re2 Bd7 27. Bh5
Rf4 28. f3 Rf8 29. Rc2 Rd8 30. Kf2 Bf5 31. Re2 Rd4 32. Rxd4 Bxd4+ 33. Ke1 Rxd5
34. Bg4 Bxg4 35. hxg4 Kf7 36. g3 Rb5 37. Kf1 Rb1+ 38. Kg2 b5 39. Rd2 Be5 40.
Rc2 b4 41. Rc4 b3 42. axb3 Rxb3 43. Rc2 b5 44. Nc5 Rb1 45. Nd3 Bf6 46. f4 b4
47. Ne5+ Bxe5 48. fxe5 Ke6 49. Rc5 Rb2+ 50. Kf3 Rb3+ 51. Kf2 Rc3 52. Rb5 b3 53.
Kg2 Kd7 54. Rb6 Kc7 55. Rb4 Kc6 56. Rb8 Kd5 0-1

[Event "IV Festival A"]
[Site "Lido degli Estensi - Comacchio ITA"]
[Date "2003.06.15"]
[Round "9"]
[White "Ronchetti, Niccolo'"]
[Black "Sarno, Spartaco"]
[Result "0-1"]
[WhiteElo "2224"]
[BlackElo "2425"]
[PlyCount "64"]
[EventDate "2003.06.06"]

1. e4 d6 2. d4 Nf6 3. Nc3 g6 4. Bc4 Bg7 5. Be3 c6 6. Bb3 b5 7. a3 Nbd7 8. Nf3
Qc7 9. Qe2 O-O 10. d5 cxd5 11. Bxd5 Rb8 12. O-O a6 13. Bd4 Ne5 14. Bb3 e6 15.
Nxe5 dxe5 16. Be3 Bb7 17. f3 Nd7 18. Rad1 Bc6 19. Na2 a5 20. c4 Rfc8 21. Rc1
Qb7 22. Rf2 Bf8 23. cxb5 Bxb5 24. Qd1 Nc5 25. Bc4 Rd8 26. Rd2 Rxd2 27. Qxd2
Bxc4 28. Rxc4 Qb3 29. Rxc5 Bxc5 30. Bxc5 Qxa2 31. Qxa5 Qxb2 32. Qc7 Qc1+ 0-1

[Event "IV Festival A"]
[Site "Lido degli Estensi - Comacchio ITA"]
[Date "2003.06.15"]
[Round "9"]
[White "Sulava, Nenad"]
[Black "Contin, Daniel"]
[Result "1-0"]
[WhiteElo "2516"]
[BlackElo "2340"]
[PlyCount "85"]
[EventDate "2003.06.06"]

1. d4 e6 2. Nf3 Nf6 3. g3 d5 4. Bg2 c6 5. c4 Bb4+ 6. Nc3 O-O 7. O-O Nbd7 8. Nd2
b5 9. cxb5 cxb5 10. e4 dxe4 11. Ndxe4 Rb8 12. Bf4 Rb6 13. a4 bxa4 14. Nxa4 Ba6
15. Nxb6 Qxb6 16. Bc7 Qb5 17. Nd6 Bxd6 18. Bxd6 Rc8 19. Re1 Qb6 20. Be5 Bb7 21.
Rc1 Re8 22. Bc7 Qb4 23. Ba5 Qb5 24. Qe2 Qxa5 25. Bxb7 Qb6 26. Bc6 Rb8 27. Rc2
Nf8 28. Rd1 Rd8 29. Qc4 Ng6 30. Bg2 Ne7 31. Qc7 Kf8 32. Qxb6 axb6 33. Rc7 Ned5
34. Rb7 Ra8 35. g4 g5 36. h4 h6 37. hxg5 hxg5 38. f4 Ra5 39. fxg5 Nxg4 40. Rf1
Kg7 41. Be4 Kg8 42. Rbxf7 Ra1 43. Bh7+ 1-0

[Event "IV Festival A"]
[Site "Lido degli Estensi - Comacchio ITA"]
[Date "2003.06.15"]
[Round "9"]
[White "Tocco, Paolo"]
[Black "Monducci, Mirko"]
[Result "1-0"]
[WhiteElo "2144"]
[BlackElo "1609"]
[PlyCount "115"]
[EventDate "2003.06.06"]

1. d4 d5 2. e4 e6 3. Nd2 Nf6 4. e5 Nfd7 5. Bd3 c5 6. c3 Nc6 7. Ngf3 cxd4 8.
cxd4 Qb6 9. O-O Nxd4 10. Nxd4 Qxd4 11. Nf3 Qb6 12. Qa4 Be7 13. Qg4 Bf8 14. a3
Qb3 15. Bb1 Nb6 16. Nd4 Qa4 17. b3 Qd7 18. Bd3 a6 19. Be3 g6 20. a4 f5 21. exf6
e5 22. Qg5 exd4 23. Bxd4 Kf7 24. Bxb6 Qd6 25. Bd4 Be6 26. Rac1 Qd7 27. h4 Bd6
28. h5 Bf5 29. Be2 Rae8 30. Bf3 Be4 31. Bxe4 dxe4 32. Qh6 Reg8 33. Rfd1 Qg4 34.
g3 gxh5 35. Kf1 Qf3 36. Qe3 Rxg3 37. Qxf3 Rxf3 38. Be3 Rxf6 39. Bd4 Rd8 40.
Bxf6 Kxf6 41. Rc4 Kf5 42. Rcd4 Ke5 43. Rd5+ Ke6 44. Rxh5 Rd7 45. Ke2 b6 46. Rd4
Kf6 47. Rh4 a5 48. Rhxe4 Kf5 49. f3 Rd8 50. Ke3 Kf6 51. Rh4 Kg7 52. Rd5 h6 53.
Rhd4 h5 54. Rxd6 Rh8 55. Rh4 Rh6 56. Rxh6 Kxh6 57. Kd4 Kg5 58. Rh3 1-0

[Event "IV Festival A"]
[Site "Lido degli Estensi - Comacchio ITA"]
[Date "2003.06.15"]
[Round "9"]
[White "Tomba, Ivan"]
[Black "Tomelleri, Alessio"]
[Result "1-0"]
[WhiteElo "2131"]
[BlackElo "1570"]
[PlyCount "37"]
[EventDate "2003.06.06"]

1. e4 d6 2. d4 Nf6 3. Nc3 Nbd7 4. f4 e5 5. Nf3 exd4 6. Qxd4 c6 7. Be3 Qc7 8.
O-O-O Ng4 9. Bg1 Ngf6 10. e5 dxe5 11. fxe5 Bc5 12. Qh4 Bxg1 13. Rxg1 Nd5 14.
Nxd5 cxd5 15. Rxd5 Nb6 16. Bb5+ Bd7 17. Bxd7+ Nxd7 18. Qg4 Rg8 19. e6 1-0

[Event "IV Festival A"]
[Site "Lido degli Estensi - Comacchio ITA"]
[Date "2003.06.15"]
[Round "9"]
[White "Trabert, Bettina"]
[Black "Puliatti, Carlo"]
[Result "1/2-1/2"]
[WhiteElo "2292"]
[BlackElo "1957"]
[PlyCount "84"]
[EventDate "2003.06.06"]

1. e4 e5 2. Nf3 Nc6 3. d4 exd4 4. Nxd4 Bc5 5. Be3 Qf6 6. c3 Nge7 7. Bc4 Ne5 8.
Be2 Qg6 9. O-O d6 10. Kh1 Ng4 11. Bxg4 Bxg4 12. f3 Bd7 13. Qb3 Rb8 14. Nd2 O-O
15. f4 b5 16. f5 Qf6 17. N2f3 h6 18. g4 Nc6 19. g5 Qe7 20. gxh6 Bxd4 21. cxd4
Qxe4 22. hxg7 Rfe8 23. Rae1 Bxf5 24. d5 Bg4 25. Bd2 Bxf3+ 26. Rxf3 Qxe1+ 27.
Bxe1 Rxe1+ 28. Kg2 Nd4 29. Qb4 Nxf3 30. Kxf3 Re5 31. Qa5 Kxg7 32. Qxc7 Rbe8 33.
Qxd6 Rf5+ 34. Kg4 Ree5 35. Qd7 Rg5+ 36. Kh4 Rxd5 37. Qc7 a5 38. Qc3+ Kg6 39.
Qc6+ Kg7 40. a4 Rh5+ 41. Kg4 b4 42. Qc4 Rhe5 1/2-1/2

[Event "IV Festival A"]
[Site "Lido degli Estensi - Comacchio ITA"]
[Date "2003.06.15"]
[Round "9"]
[White "Valenti, Giuseppe"]
[Black "Chabanon, Jean-Luc"]
[Result "1/2-1/2"]
[WhiteElo "2226"]
[BlackElo "2492"]
[PlyCount "82"]
[EventDate "2003.06.06"]

1. e4 c5 2. Nf3 d6 3. d4 cxd4 4. Nxd4 Nf6 5. Nc3 a6 6. Bg5 e6 7. f4 Qc7 8. Qf3
Nc6 9. O-O-O Be7 10. Be2 h6 11. Bh4 g5 12. fxg5 Ne5 13. Qg3 Rg8 14. Rhf1 hxg5
15. Bxg5 Nh7 16. h4 Nxg5 17. hxg5 Bxg5+ 18. Kb1 Bd7 19. Nf3 Nxf3 20. Rxf3 Rg7
21. Rxd6 O-O-O 22. Nd5 exd5 23. Rc3 Bc6 24. Rcxc6 bxc6 25. Bxa6+ Kb8 26. Rxd8+
Bxd8 27. Qxg7 Qa5 28. Qg3+ Bc7 29. Qb3+ Bb6 30. a3 Qxa6 31. exd5 cxd5 32. Qxd5
Qf1+ 33. Ka2 Qf2 34. Qc6 f5 35. Qd6+ Bc7 36. Qc6 f4 37. Qe8+ Kb7 38. Qe4+ Kb6
39. Qe6+ Kb7 40. Qe4+ Kb6 41. Qe6+ Kb7 1/2-1/2

[Event "IV Festival A"]
[Site "Lido degli Estensi - Comacchio ITA"]
[Date "2003.06.15"]
[Round "9"]
[White "Vassallo Barroche, Mauricio"]
[Black "Voltolini, Giuseppe"]
[Result "1-0"]
[WhiteElo "2440"]
[BlackElo "2264"]
[PlyCount "79"]
[EventDate "2003.06.06"]

1. Nf3 Nf6 2. g3 d5 3. Bg2 c6 4. c4 Bg4 5. Ne5 Bf5 6. cxd5 cxd5 7. Qa4+ Nbd7 8.
Nc3 Be6 9. O-O a6 10. d4 g6 11. Nd3 Bg7 12. Nf4 Qb6 13. Ncxd5 Bxd5 14. Nxd5
Nxd5 15. Bxd5 e6 16. Bg2 Bxd4 17. Rd1 Bxf2+ 18. Kh1 O-O-O 19. Bg5 f6 20. Bd2
Nc5 21. Qf4 Bd4 22. Rac1 e5 23. Qf3 Kb8 24. b4 Na4 25. b5 Bb2 26. Ba5 Rxd1+ 27.
Rxd1 Qxb5 28. Rd5 Qc6 29. Qb3 Rc8 30. h4 Qc4 31. Rd7 Qxb3 32. axb3 Nc5 33. Rxh7
f5 34. Bd5 Re8 35. b4 Ne4 36. Rxb7+ Kc8 37. Ra7 Nxg3+ 38. Kg2 Nxe2 39. Bc6 Nf4+
40. Kf1 1-0

[Event "IV Festival A"]
[Site "Lido degli Estensi - Comacchio ITA"]
[Date "2003.06.15"]
[Round "9"]
[White "Wohl, Aleksandar H."]
[Black "Brumen, Dinko"]
[Result "0-1"]
[WhiteElo "2401"]
[BlackElo "2371"]
[PlyCount "62"]
[EventDate "2003.06.06"]

1. b3 d5 2. Bb2 c5 3. e3 Nc6 4. Bb5 Nf6 5. f4 g6 6. Nf3 Bg7 7. O-O O-O 8. Qe1
Nb4 9. Na3 Bf5 10. Qd1 Qa5 11. Be2 Rfd8 12. Ne5 Nd7 13. d4 Nxe5 14. fxe5 Bh6
15. Rf3 Qb6 16. Kh1 c4 17. Bc3 cxb3 18. axb3 Rac8 19. Bxb4 Qxb4 20. c4 Be4 21.
Rh3 Bg7 22. Nb5 dxc4 23. bxc4 a6 24. Ra4 Qb2 25. Na3 Bc6 26. Bf1 Bxe5 27. Ra5
Bxd4 28. exd4 Rxd4 29. Rd3 Rcd8 30. Rxd4 Bxg2+ 31. Bxg2 Rxd4 0-1

[Event "IV Festival A"]
[Site "Lido degli Estensi - Comacchio ITA"]
[Date "2003.06.15"]
[Round "9"]
[White "Zichichi, Alvise"]
[Black "Danieli, Enrico"]
[Result "1/2-1/2"]
[WhiteElo "2280"]
[BlackElo "2120"]
[PlyCount "147"]
[EventDate "2003.06.06"]

1. d4 Nf6 2. Nf3 e6 3. e3 b6 4. Bd3 Bb7 5. O-O c5 6. c4 d6 7. Nc3 Nbd7 8. b3
Be7 9. Re1 O-O 10. e4 cxd4 11. Nxd4 Rc8 12. Bb2 Qc7 13. Bf1 Rfe8 14. Rc1 Qb8
15. Rc2 Bf8 16. Rce2 g6 17. g3 a6 18. Bg2 Qa8 19. Nc2 Qb8 20. Rd2 Red8 21. Qe2
Qc7 22. Ne3 Bg7 23. Red1 Bf8 24. Ng4 Nxg4 25. Qxg4 Nf6 26. Qe2 Be7 27. h3 Nd7
28. Kh2 Nf6 29. Rc1 Qb8 30. Qe3 Qc7 31. Na4 Nd7 32. Rdc2 Nc5 33. Nc3 Nd7 34. f4
Qc5 35. Qe2 Qc7 36. Bf3 Bf6 37. Rd2 Be7 38. Rcd1 Nc5 39. h4 Nd7 40. h5 Nb8 41.
hxg6 hxg6 42. Kg2 Bf8 43. Rh1 Bg7 44. Qd1 b5 45. Qa1 bxc4 46. bxc4 Qxc4 47. Nd5
e5 48. fxe5 Bxd5 49. exd5 Qb4 50. Re2 Nd7 51. Rh4 Rc4 52. Rxc4 Qxc4 53. exd6
Bxb2 54. Qxb2 Qc5 55. Rc2 Qxd6 56. Rc6 Qe7 57. Rxa6 Rb8 58. Qe2 Qg5 59. d6 Qc1
60. Ra8 Rxa8 61. Bxa8 Qa3 62. Qe8+ Kg7 63. Bd5 Qxd6 64. Qxf7+ Kh6 65. Qe6 Qc7
66. Qe7 Qc2+ 67. Kh3 Qf5+ 68. Kh2 Qxd5 69. a3 Ne5 70. Qh4+ Kg7 71. Qe7+ Nf7 72.
Qb4 Kh6 73. a4 Qd6 74. Qc3 1/2-1/2